000 00388nam a22001457a 4500
999 _c258001
_d258000
003 OSt
005 20191108125254.0
008 191108b xxu||||| |||| 00| 0 eng d
020 _a9780536425621
040 _cN/A
100 _aRob Cornette et al
245 _aNursing:
_bNursing Care of Children
260 _aUnited State of America
_bPearson Custom Publishing
_c2008
942 _2lcc
_cBK